Statistics for Rhymes with "rhyme"

Click here to take the quiz!

General Stats

  • This quiz has been taken 1,026 times
  • The average score is 11 of 13

Answer Stats

one-syllable words% Correct
time
97%
dime
95%
lime
95%
crime
90%
mime
90%
climb
79%
slime
78%
chime
77%
grime
76%
prime
76%
thyme
72%
rime
71%
clime
55%

Score Distribution

Percentile by Number Answered

Percent of People with Each Score

Your Score History

You have not taken this quiz